LEADER 01090nam a2200241 u 4500 001 000000024570 003 CaOOAMICUS 005 20070226111351.0 008 950711s1934 it ab u000 u ita u 035 $a10623479 040 $aPUL(R)$bita 100 1 $aTucci, Giuseppe,$d1894-1984.$0(OLS)http://pul/name/2089 245 14$aCronaca della missione scientifica Tucci nel Tibet occidentale (1933) 260 $aRoma :$bReale Accademia d'Italia,$c1934. 300 $a395 p., [80] p. di tav., [1] c. di tav. :$bill., c.geogr. ;$c26 cm 490 1 $aReale Accademia d'Italia. Viaggi di studio ed esplorazioni ;$v2 500 $aContiene indici. 830 0$aViaggi di studio ed esplorazioni.$0(OLS)http://pul/title/9159 850 $aPUL 852 $aPUL$W1$xDP2 Filosofia 1$y62$m97 Z 39$j34394$nBK-PRI$qStampati$B34394$CPULBib$Z2$F34394 $H84052 $82 941 1 $a8 996 $6245$aCronaca della missione scientifica Tucci nel Tibet occidentale (1933)$9(OLS)http://pul/title/33968 996 $6260$aRoma :$bReale Accademia d'Italia$9(OLS)http://pul/publisher/51191 LEADER 01663nam a2200385 a 4500 001 000000169751 003 CaOOAMICUS 005 20181005120546.0 008 181005s2018 it 00000 ita r 020 $a978-88-9317-660-6* 032 $aLibriCat 040 $aPUL$bita 082 14$a348.45 110 1 $aItalia.$0(OLS)http://pul/name/1188 240 10$aCodice civile.$0(OLS)http://pul/title/25826 245 10$aCodice civile :$bannotato con la giurisprudenza /$ca cura di Francesco Bartolini, Pietro Dubolino, Fabio Costa. 250 $a42a edizione. 260 $aPiacenza :$bLa Tribuna,$c2018. 300 $a2780 p. ;$b22 cm. 490 1 $aI codici commentati con la giurisprudenza 500 $aContiene indice analitico. 500 $aTesto su due colonne. 650 4$aDiritto civile$zItalia.$0(OLS)http://pul/subject/3770 700 1 $aBartolini, Francesco,$d1942-$0(OLS)http://pul/name/35926 700 1 $aDubolino, Pietro.$0(OLS)http://pul/name/40830 700 1 $aCosta, Fabio.$0(OLS)http://pul/name/70837 830 2$aI codici commentati con la giurisprudenza.$0(OLS)http://pul/title/135813 850 $aPUL 852 $aPUL$W1$xDP2 Diritto e Scienze Sociali 3$y110$m348. 45 COD 3.2.85$j192691$qDDC 21$B197814$CPULBib$Z2$F197814 $H169751 $81 941 1 $a9 996 $6020$a978-88-9317-660-6*$9(OLS)http://pul/number/164790 996 $6082$a348.45$9(OLS)http://pul/classification/373 996 $6245$aCodice civile :$bannotato con la giurisprudenza$9(OLS)http://pul/title/99300 996 $6260$aPiacenza :$bLa Tribuna$9(OLS)http://pul/publisher/69734